000
00219nam a22000857a 4500
008
170119b xxu||||| |||| 00| 0 eng d
100
_9
2494
_a
Soanes.C.etal.
245
_a
Oxford A-Z Spelling
260
_a
New Delhi
_b
Oxford
_c
2011
999
_c
5561
_d
5561